000 00647nam a2200253 i 4500
001 bg
100 1 _aKIENZLER, Iwona
_d(1956- ).
245 1 0 _aLeksykon Unii Europejskiej /
_cIwona Kienzler.
260 _aWarszawa :
_b"Świat Książki",
_c2003.
300 _a424, [3] s. :
_bil. ;
_c25 cm.
504 _aBibliogr. Indeks.
610 2 9 _aUnia Europejska
655 _aEncyklopedie
015 _aPB 9753/2003
020 _a8373117822
040 _cBPK
041 0 _apol
080 _a339.923(4-67)
080 _a061.1(4-67)
080 _a(03)
920 _a83-7311-782-2
942 _cKS
008 051205s2003 pl f |000 0 pol
999 _c46969
_d46969
856 _uhttp://koha.tu.koszalin.pl/cgi-bin/koha/opac-detail.pl?biblionumber=46969
_yKatalog online BPK